| 000 | 00336nam a2200121Ia 4500 | ||
|---|---|---|---|
| 008 | 231129s2011 xx 000 0 und d | ||
| 041 | _aeng | ||
| 082 | _a658 | ||
| 100 | _aAzar Kazmi | ||
| 245 | _aStrategic Management & Business Policy | ||
| 250 | _a3rd ed | ||
| 260 |
_aTata Mc Graw- Hill New Delhi _bTata Mc Graw- Hill New Delhi _c2011 |
||
| 999 |
_c936717 _d936717 |
||